000 00803nam a2200253Ia 4500
003 OSt
005 20221005072652.0
006 a|||||r|||| 00| 0
007 ta
008 221004b |||||||| |||| 00| 0 urd d
020 _a9789389358728 (hbk)
_cINR 400.00
024 _a66812
037 _b2375, 19/02/2020, M.R.Publications
_cTextual
040 _aCRL
_cCRL
_burd
041 _2urd
_aurd
082 _aO168,1M581w, Q9
100 _aYousufzal Rahmat Au.
_9607393
245 0 _aIbraheem Jalees
_b shakhsiyat aur fun
260 _aNew Delhi
_bEducational publishing house India
_c2019
300 _a320p.
_ccm.
650 _aURDU PROSE
_926866
942 _hO168,1M581w, Q9
_cTEXL
_2cc
999 _c979854
_d979854